000 01125nam a2200265 4500
001 0000016886
003 CO-CtgCURN
005 20250828152808.0
008 160627s1999 000 0 eng d
020 _a9583502421
040 _aCO-CtgCURN
_bspa
_ccoctgcurn
082 0 _a346.03
_bT153
100 1 _aTamayo Jaramillo, Javier.
245 1 6 _aDe la responsabilidad civil /
_cJavier Tamayo Jaramillo.
260 _aBogotá :
_bEditorial Temis,
_c1999.
300 _a423 p. V.1.
336 _2rdacontent
337 _2rdamedia
_asin mediacion
_bn
338 _2rdacarrier
_avolumen
_bnc
505 8 _aTeoria general de la responsabilidad civil.--De la responsabilidad civil contractual.--De la responsabilidad civil extracontractual.--Los medios de defensa del causante del daño.--El daño civil y su recuperacion.--Hecho ilicito.--Culpa contractual.--Responsabilidad contractual.--Responsabilidad extracontractual
650 0 _aResponsabilidad (Derecho civil)
_zColombia.
908 _a160627
942 _cBK
_h346.03
_iT153
_2ddc
_03
999 _c49727
_d49727
_x1